000 00367 a2200133 4500
245 _aOver the sea to die
_hprint
020 _a0312045735 :
250 _a1st U.S. ed.
005 20191021100100.0
260 _anyu
_bSt. Martin's
_c1990
084 _aPR6057.R55 O94 1990
300 _a220 p. : 1 map
_b 22 cm.
_c220 p. : 1 map ; 22 cm.
500 _aRichard Grindal.
999 _c13045
_d13045